000 00722nam a2200241Ia 4500
003 OSt
005 20220926034002.0
006 a|||||r|||| 00| 0
007 ta
008 220923b |||||||| |||| 00| 0 eng d
037 _cGeneral Book
040 _aRTL
_cRTL
_beng
041 _2eng
_aeng
082 _aX:89P, L2
100 _aGannon Thomas A Ed.
_9339884
245 0 _aProduct service management
260 _aWashington
_bA M A
_c1972
300 _a169p Bibliography at the end of few chapters
_ccm.
490 _aAmerican Management Association, publication
650 _aWorking Environmental
_9236530
942 _hX:89P, L2
_cGB
_2CC
999 _c658494
_d658494